| 000 | 00592 a2200181 4500 | ||
|---|---|---|---|
| 999 |
_c4440 _d4440 |
||
| 010 | _aENG-86346 | ||
| 020 |
_a8131300471 _c595.00 |
||
| 035 | _aEN-69879 | ||
| 037 | _bDBAD / PUB | ||
| 082 | 1 | 4 | _a338.4791068 |
| 100 | 1 | _aBajwa, Jagir Singh | |
| 245 | 1 |
_aTourism management / _cby Jagir Singh Bajwa [and] Ravinder Kaur |
|
| 260 |
_aNew Delhi _bA P H Publishing _c2007 |
||
| 270 |
_a5, Ansari Road, Darya Ganj _bNew Delhi _e110 002 _k011-23274050 _maphbooks@vsnl.net |
||
| 300 |
_avi, 297 p. _c22cm. (Hb.) |
||
| 700 | 1 | _aRavinder Kaur | |
| 942 |
_adpl _cEN _2ddc _h338.4791068 _mBAJ |
||